Online
Catalog

Las cooperativas financieras y el desarrollo regional : (Record no. 12886)

MARC details
000 -CABECERA
campo de control de longitud fija 01316cam a2200277 a 4500
001 - NÚMERO DE CONTROL
campo de control 000013255
003 - IDENTIFICADOR DEL NÚMERO DE CONTROL
campo de control DO-SdBNP
005 - FECHA Y HORA DE LA ÚLTIMA TRANSACCIÓN
campo de control 20251118123601.0
008 - DATOS DE LONGITUD FIJA--INFORMACIÓN GENERAL
campo de control de longitud fija 000118s1999 ck a b 100 0 spa d
020 ## - NÚMERO INTERNACIONAL ESTÁNDAR DEL LIBRO
Número Internacional Estándar del Libro 9586831027
040 ## - FUENTE DE LA CATALOGACIÓN
Centro catalogador/agencia de origen DO-SdBNP
Lengua de catalogación spa
Centro/agencia transcriptor LC
Centro/agencia modificador BNPHU
049 ## - FONDOS LOCALES (OCLC)
Fondos de biblioteca BNGR
082 #4 - NÚMERO DE LA CLASIFICACIÓN DECIMAL DEWEY
Número de clasificación 334.2
Número de documento/Ítem C778f
245 04 - MENCIÓN DE TÍTULO
Título Las cooperativas financieras y el desarrollo regional :
Resto del título III seminario internacional, Colombia 1998 /
Mención de responsabilidad, etc. compiladores, editores, Marietta Bucheli G., Ricardo Dávila L. de G.
260 ## - PUBLICACIÓN, DISTRIBUCIÓN, ETC.
Lugar de publicación, distribución, etc. Santa Fe de Bogotá, Colombia :
Nombre del editor, distribuidor, etc. Instituto de Estudios Rurales, Maestría en Desarrollo Rural, Facultad de Estudios Ambientales y Rurales, Pontificia Universidad Javeriana,
Fecha de publicación, distribución, etc. 1999.
300 ## - DESCRIPCIÓN FÍSICA
Extensión 168 p. :
Otras características físicas il. ;
Dimensiones 24 cm.
500 ## - NOTA GENERAL
Nota general "Serie-IER-20 anõs, Instituto de Estudios Rurales"--Cover.
500 ## - NOTA GENERAL
Nota general Incluye referencias bibliográficas.
650 #0 - PUNTO DE ACCESO ADICIONAL DE MATERIA--TÉRMINO DE MATERIA
Término de materia o nombre geográfico como elemento de entrada Bancos cooperativos
Subdivisión geográfica Colombia
Subdivisión de forma Congresos, conferencias, etc.
9 (RLIN) 30704
650 #0 - PUNTO DE ACCESO ADICIONAL DE MATERIA--TÉRMINO DE MATERIA
Término de materia o nombre geográfico como elemento de entrada Desarrollo rural
Subdivisión geográfica Colombia
Subdivisión de forma Congresos, conferencias, etc.
9 (RLIN) 22047
700 1# - PUNTO DE ACCESO ADICIONAL--NOMBRE DE PERSONA
Nombre de persona Bucheli G., Marietta,
Término indicativo de función/relación comp.
-- ed.
Forma completa/desarrollada del nombre (Bucheli Gomez).
9 (RLIN) 30451
700 1# - PUNTO DE ACCESO ADICIONAL--NOMBRE DE PERSONA
Nombre de persona Dávila L. de G., Ricardo,
Término indicativo de función/relación comp.
-- ed.
9 (RLIN) 30452
710 1# - PUNTO DE ACCESO ADICIONAL--NOMBRE DE ENTIDAD CORPORATIVA
Nombre de entidad corporativa o nombre de jurisdicción como elemento de entrada Pontificia Universidad Javeriana.
Unidad subordinada Instituto de Estudios Rurales.
9 (RLIN) 30453
910 ## - DATOS DE OPCIÓN DEL USUARIO (OCLC)
Datos de opción del usuario Catalogación por copia / LC
942 ## - ELEMENTOS DE PUNTO DE ACCESO ADICIONAL (KOHA)
Fuente del sistema de clasificación o colocación Dewey Decimal Classification
Tipo de ítem Koha Libro
Holdings
Estado de retiro Estado de pérdida Restricciones de uso No para préstamo Código de colección Localización permanente Ubicación/localización actual Ubicación en estantería Fecha de adquisición Número de inventario Total de préstamos Signatura topográfica completa Código de barras Fecha visto por última vez Precio válido a partir de Tipo de ítem Koha
        Monografías: Libros y Folletos General General En catalogación 20.11.2009 LF1   334.2 C778f 13255-10 25.06.2020 25.06.2020 Préstamo en sala

Powered by Koha